000 00303nam a22001337a 4500
008 170127b xxu||||| |||| 00| 0 eng d
020 _a9780781743082
041 _aeng
080 _a61
100 _a3
101 _aSHM
245 _aGRIFFITH'S 5-MINUTE CLINICAL CONSULT
_cDAMBRO, M.R
942 _2udc
_cBK
999 _c3861
_d3861